Pays traversés par l'équateur - Statistiques

Statistiques générales
  • Ce quiz a été pris 42 fois
  • Le résultat moyen est 10 sur 13
Statistiques - réponses
Pays % Correct
Congo
97%
Equateur
97%
R.D du Congo
97%
Brésil
94%
Indonésie
92%
Kenya
89%
Gabon
83%
Colombie
81%
Ouganda
75%
Somalie
72%
Maldives
44%
Kiribati
42%
Sao Tomé et Principe
42%
Aucun quiz correspondant
Distribution des résultats
% des personnes avec chaque résultat
Percentile par nombre de réponses
Votre historique - résultats
Vous n’avez pas pris ce quiz